[Event "13. Lichtenberger Sommer"]
[Site "?"]
[Date "2014.08.22"]
[Round "7.98"]
[White "Toth, Hans-Jürgen"]
[Black "Fuchs, Linda"]
[Result "1/2-1/2"]
[WhiteElo "1631"]
[BlackElo "1596"]
[PlyCount "51"]
[EventDate "2014.??.??"]
[WhiteTeam "Schachfreunde Zehdenick 76 e.V."]
[BlackTeam "SC Untergrombach 46"]

1. f4 d5 2. Nf3 c5 3. e3 Nc6 4. Bb5 Bd7 5. b3 Nf6 6. Bb2 e6 7. O-O Bd6 8. d3
O-O 9. Nbd2 a6 10. Bxc6 Bxc6 11. Ne5 Bxe5 12. Bxe5 Nd7 13. Nf3 f6 14. Bb2 Qe7
15. a4 Rf7 16. d4 b6 17. dxc5 Nxc5 18. Nd4 Bb7 19. Ba3 e5 20. Nf5 Qe6 21. Qg4
Kh8 22. Rf3 Bc8 23. fxe5 fxe5 24. Raf1 Bd7 25. h3 Rg8 26. Bxc5 1/2-1/2

[Event "13. Lichtenberger Sommer"]
[Site "?"]
[Date "2014.08.22"]
[Round "7.99"]
[White "Kostanyan, Hakob"]
[Black "Mueller, Joerg"]
[Result "1-0"]
[WhiteElo "1517"]
[BlackElo "1850"]
[PlyCount "71"]
[EventDate "2014.??.??"]
[WhiteTeam "SC Weisse Dame e.V."]
[BlackTeam "vereinslos"]

1. e4 e6 2. d4 d6 3. Nf3 Nd7 4. Nc3 a6 5. Be3 g6 6. Bd3 Bh6 7. Qd2 Bg7 8. O-O-O
b6 9. g4 Bb7 10. h4 h6 11. Ng1 Qe7 12. f4 O-O-O 13. Nf3 Kb8 14. Rhf1 c5 15.
dxc5 dxc5 16. Qh2 Ka7 17. e5 Nb8 18. Qg3 Qc7 19. Be4 Ne7 20. f5 Nd5 21. Nxd5
exd5 22. Bd3 Rhe8 23. f6 Bf8 24. Bf4 Qc6 25. Rfe1 Bc8 26. e6 Bd6 27. Bxd6 Rxd6
28. exf7 Rf8 29. Re7+ Nd7 30. Ne5 Qc7 31. Nxg6 Rd8 32. f8=Q Rxf8 33. Nxf8 Kb7
34. f7 Rf6 35. Bxa6+ Kb8 36. Nxd7+ 1-0

[Event "13. Lichtenberger Sommer"]
[Site "?"]
[Date "2014.08.22"]
[Round "7.100"]
[White "Woinowski, Michael"]
[Black "Paris, Gerhard"]
[Result "1-0"]
[WhiteElo "1731"]
[BlackElo "1536"]
[PlyCount "57"]
[EventDate "2014.??.??"]
[WhiteTeam "SC Kreuzberg e.V."]
[BlackTeam "TSG Oberschöneweide e.V."]

1. e4 e5 2. Nf3 d6 3. d4 exd4 4. Nxd4 g6 5. Bd3 Bg7 6. c3 Nf6 7. O-O O-O 8. Nd2
Nbd7 9. f4 c5 10. Ne2 Qb6 11. Nc4 Qc7 12. Bc2 Ne8 13. Ng3 b5 14. Ne3 Bb7 15. f5
Nef6 16. Ng4 Nxg4 17. Qxg4 Nf6 18. Qh4 Rae8 19. Bg5 Qe7 20. Rae1 Qe5 21. Bf4
Qe7 22. e5 Nd5 23. f6 Bxf6 24. exf6 Qxf6 25. Qxf6 Nxf6 26. Bxd6 Rxe1 27. Rxe1
Rc8 28. Re7 Rc6 29. Be5 1-0

[Event "13. Lichtenberger Sommer"]
[Site "?"]
[Date "2014.08.22"]
[Round "7.101"]
[White "Stark, Steven"]
[Black "Aizpurua Zufiria, Inaki"]
[Result "1/2-1/2"]
[WhiteElo "1502"]
[BlackElo "1545"]
[PlyCount "90"]
[EventDate "2014.??.??"]
[WhiteTeam "VfB Hermsdorf e.V."]
[BlackTeam "Gros Xake Taldea"]

1. d4 d5 2. g3 Nf6 3. Bg2 c5 4. dxc5 Qa5+ 5. c3 Qxc5 6. Qd4 Qxd4 7. cxd4 Nc6 8.
e3 Bf5 9. a3 Rc8 10. Nc3 e6 11. Nge2 Be7 12. O-O O-O 13. f3 h6 14. Bd2 a6 15.
Rfe1 b5 16. b4 Nd7 17. Nf4 Nb6 18. Ra2 Nc4 19. Bc1 Bg5 20. h4 Bxf4 21. exf4
Nxd4 22. a4 Nc2 23. Rxc2 Bxc2 24. axb5 Nd6 25. Bb2 axb5 26. Bh3 Ba4 27. f5 Nxf5
28. Bxf5 exf5 29. Nxd5 Rcd8 30. Ne7+ Kh7 31. Nxf5 Rd1 32. Rxd1 Bxd1 33. Kf2 g6
34. Nd4 Ba4 35. Ne2 Bb3 36. Bf6 Re8 37. Bd4 Bc4 38. Nc3 h5 39. Ne4 Ra8 40. f4
Ra2+ 41. Kg1 Kg8 42. Nf6+ Kf8 43. Bc5+ Kg7 44. Ne8+ Kg8 45. Nf6+ Kg7 1/2-1/2

[Event "13. Lichtenberger Sommer"]
[Site "?"]
[Date "2014.08.22"]
[Round "7.102"]
[White "Home, Marcus"]
[Black "Radloff, Rainer"]
[Result "0-1"]
[WhiteElo "1307"]
[BlackElo "1706"]
[PlyCount "62"]
[EventDate "2014.??.??"]
[WhiteTeam "1. Schachclub Anhalt"]
[BlackTeam "SC Weisse Dame e.V."]

1. d4 d5 2. c4 c6 3. Nf3 Nf6 4. Nc3 e6 5. Bg5 Be7 6. e3 h6 7. Bh4 O-O 8. Bd3
Nbd7 9. Qe2 dxc4 10. Bxc4 Re8 11. e4 Nf8 12. Bd3 N6h7 13. Bxe7 Qxe7 14. e5 b6
15. h4 Bb7 16. Kf1 c5 17. g4 f6 18. Ne4 Red8 19. g5 hxg5 20. hxg5 fxe5 21. Nxe5
Nxg5 22. Qh5 Nf7 23. Ng5 g6 24. Bxg6 Bxh1 25. Bxf7+ Kg7 26. Nh7 Nxh7 27. Qg6+
Kh8 28. Bxe6 Rf8 29. Re1 cxd4 30. Qh6 Rf6 31. Qg6 Qxe6 0-1

[Event "13. Lichtenberger Sommer"]
[Site "?"]
[Date "2014.08.22"]
[Round "7.103"]
[White "Wicklein, Christian"]
[Black "Schmidt, Tim Lucas"]
[Result "1-0"]
[WhiteElo "1413"]
[BlackElo "1239"]
[PlyCount "45"]
[EventDate "2014.??.??"]
[WhiteTeam "vereinslos"]
[BlackTeam "1. Schachclub Anhalt"]

1. Nf3 Nf6 2. g3 Nc6 3. c4 e5 4. d3 Bc5 5. Bg2 d5 6. O-O O-O 7. Bg5 Be6 8. cxd5
Bxd5 9. Nc3 Be6 10. Rc1 h6 11. Bxf6 gxf6 12. Na4 Bd6 13. Nd2 Bxa2 14. b3 Nb4
15. Bxb7 Rb8 16. Be4 Qd7 17. Nc3 f5 18. Bg2 Qe6 19. Ra1 Bxb3 20. Nxb3 a6 21.
Na5 Rb6 22. Nc4 Rfb8 23. Ra5 1-0

[Event "13. Lichtenberger Sommer"]
[Site "?"]
[Date "2014.08.22"]
[Round "7.104"]
[White "Lange, Johannes Friedrich"]
[Black "Leyrer, Edgar"]
[Result "0-1"]
[WhiteElo "1268"]
[BlackElo "1610"]
[PlyCount "106"]
[EventDate "2014.??.??"]
[WhiteTeam "Schachunion Berlin e.V."]
[BlackTeam "SV Königsjäger Süd-West e.V."]

1. d4 d5 2. c4 c6 3. Nc3 Nf6 4. Nf3 e6 5. Bg5 Nbd7 6. e3 Be7 7. Bd3 dxc4 8.
Bxc4 b5 9. Bd3 Bb7 10. O-O a6 11. Qc2 c5 12. dxc5 Nxc5 13. Rfd1 Nxd3 14. Rxd3
Qb6 15. Rad1 O-O 16. Bxf6 Bxf6 17. b4 Rac8 18. Qb3 Rfd8 19. Rxd8+ Rxd8 20.
Rxd8+ Qxd8 21. Qd1 Qc7 22. Ne2 Bd5 23. Qd2 h6 24. Nf4 Bxa2 25. Nd3 Bd5 26. Qc1
Qxc1+ 27. Nxc1 Bc3 28. Nd3 a5 29. bxa5 Bxa5 30. Kf1 b4 31. Ke1 b3+ 32. Kd1 Bc3
33. Kc1 Be4 34. Nb2 f5 35. Nd4 Bxd4 36. exd4 Bxg2 37. Kd2 Kf7 38. Kc3 Bd5 39.
Na4 f4 40. Nc5 Kf6 41. Nxb3 Bxb3 42. Kxb3 Kf5 43. Kc4 Ke4 44. Kc5 g5 45. h3 h5
46. Kd6 Kf5 47. d5 exd5 48. Kxd5 g4 49. h4 g3 50. fxg3 fxg3 51. Kd4 Kf4 52. Kd3
g2 53. Ke2 g1=Q 0-1

[Event "13. Lichtenberger Sommer"]
[Site "?"]
[Date "2014.08.22"]
[Round "7.105"]
[White "Stiemerling, Karl-Heinz"]
[Black "Möller, Dirk"]
[Result "0-1"]
[WhiteElo "1579"]
[BlackElo "1624"]
[PlyCount "70"]
[EventDate "2014.??.??"]
[WhiteTeam "SG Eckturm"]
[BlackTeam "SC Kreuzberg e.V."]

1. d4 f5 2. c4 Nf6 3. Nc3 d6 4. Nf3 e6 5. g3 Be7 6. Bg2 O-O 7. O-O a5 8. b3 Na6
9. Bd2 Qe8 10. h3 c6 11. e3 Ne4 12. Nxe4 fxe4 13. Nh2 e5 14. Bxa5 exd4 15. exd4
d5 16. c5 Nb8 17. Bc7 Nd7 18. Ng4 Bf6 19. Bd6 Rf7 20. Nxf6+ Nxf6 21. Re1 Bf5
22. Qd2 Qe6 23. Be5 Bxh3 24. Bxf6 Bxg2 25. Kxg2 Rxf6 26. Rh1 Raf8 27. Raf1 Qg4
28. Rh4 Qf3+ 29. Kh3 Re8 30. Rf4 Rh6+ 31. Rh4 Rxh4+ 32. Kxh4 Re6 33. Qf4 Rh6+
34. Qxh6 gxh6 35. Kh3 e3 0-1

[Event "13. Lichtenberger Sommer"]
[Site "?"]
[Date "2014.08.22"]
[Round "7.106"]
[White "Fontaine, Constantin"]
[Black "Lippianowski, Stefan"]
[Result "1-0"]
[WhiteElo "1580"]
[BlackElo "1220"]
[PlyCount "41"]
[EventDate "2014.??.??"]
[WhiteTeam "SK Tempelhof 1931 e.V."]
[BlackTeam "SV Mattnetz Berlin e.V."]

1. e4 e5 2. Nf3 Nc6 3. Bb5 Nf6 4. O-O Nd4 5. Nxd4 exd4 6. e5 a6 7. exf6 Qxf6 8.
Re1+ Be7 9. Bc4 d6 10. d3 Qg6 11. Bf4 Bh3 12. Qf3 Qxg2+ 13. Qxg2 Bxg2 14. Kxg2
h6 15. Nd2 g5 16. Bg3 Rh7 17. Re2 f5 18. f3 O-O-O 19. Be6+ Kb8 20. Bxf5 Rf8 21.
Bxh7 1-0

[Event "13. Lichtenberger Sommer"]
[Site "?"]
[Date "2014.08.22"]
[Round "7.107"]
[White "Schmole-Rostosky, Joachim"]
[Black "Dittrich, Hans-Jürgen"]
[Result "1-0"]
[WhiteElo "1650"]
[BlackElo "1166"]
[PlyCount "83"]
[EventDate "2014.??.??"]
[WhiteTeam "SF Schwarz-Weiß Merzhausen"]
[BlackTeam "vereinslos"]

1. e4 e5 2. Nf3 Nc6 3. Bb5 a6 4. Bxc6 bxc6 5. d3 d6 6. h3 h6 7. O-O Nf6 8. Re1
c5 9. c4 Be7 10. Nc3 O-O 11. Be3 Bb7 12. Qd2 Nh5 13. g4 Nf4 14. Bxf4 exf4 15.
Qxf4 Bg5 16. Nxg5 Qxg5 17. Qxg5 hxg5 18. Re3 Rae8 19. Ne2 Re5 20. Rf1 c6 21. f4
gxf4 22. Rxf4 d5 23. Rf5 Rfe8 24. Rxe5 Rxe5 25. Ng3 g6 26. Kf2 Kg7 27. h4 Bc8
28. Kf3 Kf6 29. b3 Be6 30. Re2 Bd7 31. g5+ Kg7 32. Kf4 f6 33. exd5 Rxe2 34.
Nxe2 cxd5 35. cxd5 Bf5 36. Ke3 fxg5 37. hxg5 Kf7 38. d4 cxd4+ 39. Kxd4 Ke7 40.
Kc5 Bd3 41. Nc3 Kd7 42. b4 1-0

[Event "13. Lichtenberger Sommer"]
[Site "?"]
[Date "2014.08.22"]
[Round "7.108"]
[White "Karge, Ole Jannes"]
[Black "Eichstädt, Torsten"]
[Result "1-0"]
[WhiteElo "1494"]
[BlackElo "967"]
[PlyCount "53"]
[EventDate "2014.??.??"]
[WhiteTeam "SV Mattnetz Berlin e.V."]
[BlackTeam "SC Friesen Lichtenberg e.V."]

1. e4 c6 2. d4 d5 3. Nc3 dxe4 4. Nxe4 Bf5 5. Ng3 Bc8 6. Nf3 Nf6 7. Bf4 Nd5 8.
Be3 Nxe3 9. fxe3 Bg4 10. Bd3 Bxf3 11. Qxf3 e6 12. O-O Qc7 13. Rf2 g6 14. Bc4
Bg7 15. Raf1 O-O 16. Ne4 Nd7 17. Ng5 Nf6 18. e4 e5 19. Qg3 Rae8 20. Bxf7+ Rxf7
21. Nxf7 Nxe4 22. Qb3 Nxf2 23. Nxe5+ Kh8 24. Nf7+ Kg8 25. Nd6+ Kf8 26. Rxf2+
Ke7 27. Nxe8 1-0

[Event "13. Lichtenberger Sommer"]
[Site "?"]
[Date "2014.08.22"]
[Round "7.109"]
[White "Kossuewa, Fatima"]
[Black "Wahner, Eberhard"]
[Result "0-1"]
[WhiteElo "797"]
[BlackElo "1063"]
[PlyCount "67"]
[EventDate "2014.??.??"]
[WhiteTeam "SC Friesen Lichtenberg e.V."]
[BlackTeam "vereinslos"]

1. e4 e6 2. d4 d5 3. exd5 exd5 4. Bd3 Nf6 5. Nc3 Nc6 6. Nf3 Be7 7. O-O O-O 8.
Bf4 a6 9. Re1 Re8 10. h3 h6 11. Ne2 Nb4 12. Ne5 Nxd3 13. Qxd3 Ne4 14. Ng3 Nxg3
15. Bxg3 c6 16. c4 dxc4 17. Qxc4 Be6 18. Qe2 Qxd4 19. Rad1 Qc5 20. Nd7 Qg5 21.
Qe5 Qxe5 22. Nxe5 Bb4 23. Re3 Rad8 24. Rxd8 Rxd8 25. b3 Bc5 26. Rf3 Rd2 27. Bf4
Rxa2 28. Nd3 Bd4 29. Be5 Bb6 30. Nf4 Bc8 31. Nh5 f6 32. Bd6 Kf7 33. Be5 Bd8 34.
Bc3 0-1

[Event "13. Lichtenberger Sommer"]
[Site "?"]
[Date "2014.08.22"]
[Round "7.110"]
[White "Gazaev, Ansor"]
[Black "Kammler, Hans-Joachim"]
[Result "0-1"]
[WhiteElo "700"]
[BlackElo "1504"]
[PlyCount "52"]
[EventDate "2014.??.??"]
[WhiteTeam "SC Friesen Lichtenberg e.V."]
[BlackTeam "vereinslos"]

1. e4 e6 2. Nc3 Bb4 3. Bc4 c6 4. Bb3 Ne7 5. d4 O-O 6. Nf3 Ng6 7. O-O d5 8. a3
Be7 9. Qd3 b6 10. exd5 exd5 11. Ne5 Ba6 12. Nxc6 Bxd3 13. Nxd8 Bxf1 14. Bxd5
Bxd8 15. Bxa8 Ba6 16. a4 Nd7 17. Nb5 Be7 18. Nc7 Be2 19. Bc6 Nf6 20. Bg5 Rc8
21. Bxf6 Bxf6 22. Re1 Rxc7 23. Rxe2 Rxc6 24. Re8+ Nf8 25. d5 Rxc2 26. h3 Rd2
0-1

[Event "13. Lichtenberger Sommer"]
[Site "?"]
[Date "2014.08.22"]
[Round "7.111"]
[White "Pilgrim, Wilfried"]
[Black "Kossuewa, Aminat"]
[Result "1-0"]
[WhiteElo "1459"]
[BlackElo "785"]
[PlyCount "55"]
[EventDate "2014.??.??"]
[WhiteTeam "SC Kreuzberg e.V."]
[BlackTeam "SC Friesen Lichtenberg e.V."]

1. Nf3 Nc6 2. e4 d6 3. d4 e5 4. d5 Nb8 5. Be2 Nf6 6. Nc3 Be7 7. O-O O-O 8. Be3
h6 9. Nd2 Bd7 10. f4 exf4 11. Bxf4 c6 12. Nc4 Qc7 13. e5 dxe5 14. Bxe5 Qc8 15.
d6 Bd8 16. Qd3 Bg4 17. Bf3 Nbd7 18. Bxg4 Nxg4 19. Qg3 Ngxe5 20. Nxe5 Nxe5 21.
Qxe5 Bf6 22. Qg3 Re8 23. Rxf6 Qd8 24. Raf1 Qb6+ 25. Kh1 Re3 26. Qg4 Rae8 27.
Rxf7 Re1 28. Qxg7# 1-0

[Event "13. Lichtenberger Sommer"]
[Site "?"]
[Date "2014.08.23"]
[Round "8.1"]
[White "Schild, Christoph"]
[Black "Kurayan, Ruslan"]
[Result "1-0"]
[WhiteElo "2390"]
[BlackElo "2398"]
[PlyCount "170"]
[EventDate "2014.??.??"]
[WhiteTeam "SK Freiburg Zähringen 1887 e.V."]
[BlackTeam "Gouverment Chersonsk"]

1. c4 g6 2. g3 Bg7 3. Bg2 Nf6 4. Nc3 O-O 5. Nf3 d6 6. O-O e5 7. d3 h6 8. Rb1 a5
9. a3 Be6 10. Bd2 Nc6 11. e4 Qd7 12. Nd5 Kh7 13. Qe1 Nh5 14. Nh4 Nd4 15. Qd1 a4
16. Be3 Bxd5 17. cxd5 c5 18. Bxd4 cxd4 19. Qd2 Bf6 20. Nf3 Bd8 21. Qe2 Ba5 22.
Rfc1 Rac8 23. Qf1 Qb5 24. Qe2 Ng7 25. Bh3 Rxc1+ 26. Rxc1 f5 27. Nh4 Bd8 28.
exf5 gxf5 29. Nxf5 Qxd5 30. Bg2 Qe6 31. Nxg7 Kxg7 32. Bxb7 Qb3 33. Be4 Bg5 34.
Rc4 Qb5 35. Qh5 Rf6 36. Rc7+ Kf8 37. Qg4 Rf7 38. Rc8+ Ke7 39. Bg6 Qd7 40. Qxd7+
Kxd7 41. Rc4 d5 42. Rxa4 Rf6 43. Bh5 Rc6 44. h4 Rc1+ 45. Kg2 Bd2 46. f4 exf4
47. gxf4 Rc2 48. f5 Rxb2 49. Kh3 Rb3 50. f6 Bf4 51. Rxd4 Bd6 52. Bg4+ Kc7 53.
Rxd5 Rxa3 54. Bf5 Ra8 55. f7 Rf8 56. Be6 Rd8 57. Kg4 Bf8 58. Rxd8 Kxd8 59. h5
Bd6 60. Kf5 Ke7 61. Bc4 Kf8 62. Ke6 Bc5 63. Ke5 Bb4 64. d4 Bc3 65. Ke4 Ke7 66.
Be6 Bb4 67. Kf5 Kf8 68. Kg6 Bd2 69. d5 Bf4 70. Bh3 Be5 71. Bd7 Bg3 72. Be8 Bf4
73. Kf5 Bg3 74. Ke6 Bh4 75. Ba4 Be1 76. Bb3 Ba5 77. d6 Bd8 78. Kd7 Ba5 79. Ke6
Bd8 80. Ke5 Kg7 81. Kf5 Ba5 82. Ke6 Kf8 83. Kf6 Bb6 84. Kg6 Bc5 85. d7 Ke7 1-0

[Event "13. Lichtenberger Sommer"]
[Site "?"]
[Date "2014.08.23"]
[Round "8.2"]
[White "Stern, Rene"]
[Black "Meister, Jakob"]
[Result "1-0"]
[WhiteElo "2542"]
[BlackElo "2466"]
[PlyCount "131"]
[EventDate "2014.??.??"]
[WhiteTeam "SK König Tegel 1949 e.V."]
[BlackTeam "SK Zehlendorf e.V."]

1. d4 Nf6 2. c4 e6 3. Nc3 Bb4 4. Bd2 O-O 5. Nf3 c5 6. dxc5 Bxc5 7. g3 Qb6 8. e3
Be7 9. Qb3 Qd8 10. Bg2 Nc6 11. O-O d6 12. a3 b6 13. Qa2 Bb7 14. Rac1 Qd7 15.
Rfd1 Ng4 16. e4 Rfd8 17. Bf4 Qc8 18. b4 Nge5 19. Ne1 Ng6 20. Be3 Nce5 21. Nb5
Ng4 22. Bd4 Bc6 23. h3 Nf6 24. Nc3 Qc7 25. Nd5 Qd7 26. Nxe7+ Qxe7 27. e5 Ne4
28. exd6 Rxd6 29. Qe2 f5 30. Bb2 Rad8 31. Nf3 e5 32. h4 f4 33. Rxd6 Rxd6 34. c5
bxc5 35. bxc5 Rd8 36. Nxe5 Nxe5 37. Bxe4 fxg3 38. Bxe5 gxf2+ 39. Kf1 Qb7 40.
Rb1 Qd7 41. Bxc6 Qxc6 42. Qc4+ Kh8 43. Rb8 Rxb8 44. Bxb8 Qe8 45. Bh2 Qe1+ 46.
Kg2 h6 47. c6 f1=Q+ 48. Qxf1 Qd2+ 49. Qf2 Qd5+ 50. Qf3 Qa2+ 51. Kh1 Qb1+ 52.
Bg1 Qc1 53. Kg2 Qc4 54. Bxa7 g5 55. hxg5 hxg5 56. Qh5+ Kg7 57. Qxg5+ Kf7 58.
Qf5+ Ke8 59. Qg6+ Kf8 60. Be3 Qe2+ 61. Bf2 Ke7 62. Qg7+ Ke6 63. Qd7+ Kf6 64.
Qd4+ Ke6 65. c7 Qc2 66. c8=Q+ 1-0

[Event "13. Lichtenberger Sommer"]
[Site "?"]
[Date "2014.08.23"]
[Round "8.3"]
[White "Braun, Arik"]
[Black "Moreno Tejera, Emilio"]
[Result "1-0"]
[WhiteElo "2544"]
[BlackElo "2435"]
[PlyCount "87"]
[EventDate "2014.??.??"]
[WhiteTeam "SC Eppingen"]
[BlackTeam "Sfrd. Berlin 1903 e.V."]

1. d4 f5 2. c4 Nf6 3. Nc3 d6 4. Bg5 Nbd7 5. Qc2 g6 6. e4 fxe4 7. Nxe4 Bg7 8.
Nf3 Nxe4 9. Qxe4 Nf6 10. Qc2 O-O 11. Bd3 c5 12. d5 b5 13. cxb5 Kh8 14. Bc4 a6
15. bxa6 Bxa6 16. O-O Qb6 17. b3 Bb7 18. Rad1 Bc8 19. a4 Bf5 20. Qc1 Be4 21.
Rfe1 Bxf3 22. gxf3 Ng8 23. Kg2 Rf5 24. Re6 Raf8 25. Rd3 R8f7 26. Bd2 Nf6 27. a5
Qa7 28. Qa3 Qa8 29. Qa4 Nh5 30. a6 Nf4+ 31. Bxf4 Rxf4 32. Qc6 Qg8 33. a7 Rf8
34. Rxe7 Bf6 35. Re6 g5 36. Qxd6 Bd4 37. Rxd4 cxd4 38. Qe5+ Qg7 39. d6 Qxe5 40.
Rxe5 Ra8 41. d7 Rff8 42. Ra5 Rfd8 43. Bd5 d3 44. Bxa8 1-0

[Event "13. Lichtenberger Sommer"]
[Site "?"]
[Date "2014.08.23"]
[Round "8.4"]
[White "Siebarth, Raiko"]
[Black "Muse, Drazen"]
[Result "0-1"]
[WhiteElo "2252"]
[BlackElo "2396"]
[PlyCount "80"]
[EventDate "2014.??.??"]
[WhiteTeam "SG Blau-Weiß Stadtilm"]
[BlackTeam "SK König Tegel 1949 e.V."]

1. e4 c5 2. Nc3 Nc6 3. g3 g6 4. Bg2 Bg7 5. Nge2 Rb8 6. a4 a6 7. O-O d6 8. f4
Nf6 9. h3 O-O 10. d3 Bd7 11. Be3 b5 12. axb5 axb5 13. Qd2 b4 14. Nd1 Qc7 15.
Nf2 Ne8 16. e5 dxe5 17. Bxc5 Nd6 18. Rab1 Nd4 19. Bxd6 Nxe2+ 20. Qxe2 exd6 21.
Ng4 Rbc8 22. fxe5 dxe5 23. Ne3 e4 24. Rf4 exd3 25. cxd3 Be6 26. Kh1 Qd6 27. d4
Bh6 28. Rh4 Bg5 29. Re4 Qxg3 30. Nf1 Qd6 31. Rd1 Bb3 32. Re1 Rc2 33. Qd3 Rxb2
34. Rg4 Bf6 35. Ne3 Be6 36. Nf5 Bxf5 37. Qxf5 Rd2 38. Rf1 Bg7 39. Qd5 Qxd5 40.
Bxd5 Rxd4 0-1

[Event "13. Lichtenberger Sommer"]
[Site "?"]
[Date "2014.08.23"]
[Round "8.5"]
[White "Sieglen, Joachim"]
[Black "Fuchs, Heinz"]
[Result "1-0"]
[WhiteElo "2261"]
[BlackElo "2353"]
[PlyCount "127"]
[EventDate "2014.??.??"]
[WhiteTeam "SC Untergrombach 46"]
[BlackTeam "SC Untergrombach 46"]

1. d4 Nf6 2. c4 e6 3. g3 d5 4. Nf3 Bb4+ 5. Bd2 Be7 6. Bg2 c6 7. Qc2 Nbd7 8. O-O
O-O 9. Rd1 b6 10. cxd5 cxd5 11. Qa4 Bb7 12. Bb4 Bxb4 13. Qxb4 Rc8 14. Nc3 a6
15. e3 Rc4 16. Qb3 Qb8 17. Nd2 Rc7 18. a4 Rfc8 19. a5 b5 20. Na2 Ne4 21. Nb4
Nxd2 22. Rxd2 Rc1+ 23. Rd1 Rxd1+ 24. Qxd1 Qc7 25. Nd3 Nf6 26. Nc5 Ne4 27. Bxe4
dxe4 28. b4 Qc6 29. Rc1 g6 30. Nb3 Qd5 31. Rxc8+ Bxc8 32. Qc2 Bb7 33. Nc5 Qc6
34. h4 h5 35. Kf1 Kf8 36. Ke1 Kg8 37. Kd2 Kg7 38. Kc1 Kh7 39. Kb2 Kg7 40. Nb3
Qd7 41. Nc5 Qc6 42. Qc3 Kh7 43. Kc2 Qd5 44. Kd1 Qc6 45. Ke1 Kg8 46. Qb3 Ba8 47.
Qd1 f5 48. Qb3 Kf7 49. d5 exd5 50. Qc3 Bb7 51. Qe5 Bc8 52. Kd2 Be6 53. Kc3 d4+
54. Kxd4 Bc4 55. Kc3 Ba2 56. Kc2 Bc4 57. Qd4 Ke7 58. Qg7+ Bf7 59. Qe5+ Kf8 60.
Kd2 Kg8 61. Ke1 Bc4 62. Qe7 Qd5 63. Nd7 Kh8 64. Qf8+ 1-0

[Event "13. Lichtenberger Sommer"]
[Site "?"]
[Date "2014.08.23"]
[Round "8.6"]
[White "Kalinitschew, Sergey"]
[Black "Lerch, Philipp"]
[Result "1/2-1/2"]
[WhiteElo "2409"]
[BlackElo "2241"]
[PlyCount "127"]
[EventDate "2014.??.??"]
[WhiteTeam "SC Kreuzberg e.V."]
[BlackTeam "SK König Tegel 1949 e.V."]

1. e4 c6 2. d4 d5 3. Nc3 dxe4 4. Nxe4 Nd7 5. Nf3 Ngf6 6. Ng3 e6 7. Bc4 c5 8.
O-O Be7 9. dxc5 Nxc5 10. Qe2 a6 11. a4 Qc7 12. a5 O-O 13. Re1 Re8 14. Bd2 b5
15. axb6 Qxb6 16. Ba5 Qb8 17. Nd4 Bb7 18. f3 Bd6 19. Qf2 g6 20. Rad1 e5 21.
Ndf5 Bf8 22. Qe3 Ne6 23. Nh6+ Bxh6 24. Qxh6 Qa7+ 25. Qe3 Qxe3+ 26. Rxe3 Rac8
27. b3 Nf4 28. Ne4 Bxe4 29. fxe4 Rc5 30. Bb4 Rc6 31. Ra1 Rec8 32. Bc3 Ng4 33.
Rf3 Rxc4 34. bxc4 Rxc4 35. h3 Ne2+ 36. Kh1 Nxc3 37. hxg4 Nxe4 38. Rxa6 Rxc2 39.
Ra5 Nf2+ 40. Rxf2 Rxf2 41. Rxe5 Rf4 42. g5 Rh4+ 43. Kg1 Kg7 44. Kf2 Ra4 45. Kf3
Ra3+ 46. Kf4 Ra2 47. g3 Ra4+ 48. Kf3 Ra1 49. Re7 Rf1+ 50. Kg4 h5+ 51. gxh6+
Kxh6 52. Kh3 f5 53. Kg2 Ra1 54. Re6 Ra3 55. Rb6 Kh5 56. Rf6 Ra5 57. Kh3 Ra2 58.
Rf8 Kg5 59. Rb8 Rf2 60. Rb6 Re2 61. Ra6 Kh6 62. Rf6 Re4 63. Rf8 g5 64. Rxf5
1/2-1/2

[Event "13. Lichtenberger Sommer"]
[Site "?"]
[Date "2014.08.23"]
[Round "8.7"]
[White "Simon, Ralf-Axel"]
[Black "Von Herman, Ulf"]
[Result "0-1"]
[WhiteElo "2173"]
[BlackElo "2379"]
[PlyCount "56"]
[EventDate "2014.??.??"]
[WhiteTeam "TSG Neuruppin"]
[BlackTeam "SK König Tegel 1949 e.V."]

1. Nf3 Nf6 2. c4 e6 3. Nc3 d5 4. d4 dxc4 5. e4 Bb4 6. Bg5 h6 7. Bxf6 Qxf6 8.
Bxc4 c5 9. O-O cxd4 10. Qxd4 Qxd4 11. Nxd4 a6 12. Rac1 Bd7 13. Rfd1 Nc6 14. Bb3
Nxd4 15. Rxd4 Bc5 16. Rc4 Bd6 17. Rd1 Be5 18. Rc5 f6 19. Na4 Rd8 20. Nb6 Bc6
21. Rxd8+ Kxd8 22. Rc2 Ke7 23. Nc4 Rd8 24. Re2 Bb5 25. f3 Rd4 26. Rc2 Rd1+ 27.
Kf2 Bxh2 28. a4 Bd7 0-1

[Event "13. Lichtenberger Sommer"]
[Site "?"]
[Date "2014.08.23"]
[Round "8.8"]
[White "Brümmel, Arend"]
[Black "Brüdigam, Martin"]
[Result "1/2-1/2"]
[WhiteElo "2132"]
[BlackElo "2342"]
[PlyCount "81"]
[EventDate "2014.??.??"]
[WhiteTeam "Stader SV"]
[BlackTeam "SK König Tegel 1949 e.V."]

1. d4 d5 2. c4 c6 3. Nf3 Nf6 4. e3 Bf5 5. Nc3 a6 6. Bd3 Bxd3 7. Qxd3 e6 8. e4
dxe4 9. Nxe4 Nxe4 10. Qxe4 Bb4+ 11. Ke2 Nd7 12. Bg5 Be7 13. Bxe7 Qxe7 14. c5
O-O 15. Rac1 Rae8 16. Rhd1 e5 17. dxe5 Nxc5 18. Qd4 Ne6 19. Qg4 Rd8 20. g3 Rxd1
21. Rxd1 Rd8 22. Rxd8+ Qxd8 23. Qc4 Qb6 24. b3 Qa5 25. Qc2 Kf8 26. Qd2 Qc7 27.
Qb4+ Ke8 28. h4 h6 29. Ke3 a5 30. Qc3 Qb6+ 31. Nd4 h5 32. Ke4 Nxd4 33. Qxd4
Qxd4+ 34. Kxd4 b6 35. f3 Ke7 36. g4 Ke6 37. Ke4 g6 38. gxh5 gxh5 39. f4 Ke7 40.
f5 f6 41. e6 1/2-1/2

[Event "13. Lichtenberger Sommer"]
[Site "?"]
[Date "2014.08.23"]
[Round "8.9"]
[White "Glantz, Robert"]
[Black "Nötzel, Felix"]
[Result "1-0"]
[WhiteElo "2308"]
[BlackElo "2113"]
[PlyCount "103"]
[EventDate "2014.??.??"]
[WhiteTeam "SC Kreuzberg e.V."]
[BlackTeam "Sfrd. Berlin 1903 e.V."]

1. e4 d5 2. exd5 Qxd5 3. Nc3 Qa5 4. d4 c6 5. Bd2 Bf5 6. Bc4 e6 7. Qe2 Bb4 8.
O-O-O Nf6 9. Nf3 Nbd7 10. Nh4 Bg6 11. Kb1 O-O-O 12. a3 Bxc3 13. Bxc3 Qc7 14.
Nxg6 hxg6 15. h4 Nb6 16. Bb3 Nbd5 17. Bd2 Qb6 18. Ka2 Rd7 19. c3 Kb8 20. g3 Ka8
21. Rhe1 Rhd8 22. Qf3 Qc7 23. Bg5 Qa5 24. Re5 Qc7 25. Bxd5 Rxd5 26. Bxf6 gxf6
27. Rxd5 cxd5 28. Qxf6 Rc8 29. Kb1 a5 30. Qf3 b5 31. Qd3 Qb6 32. Kc2 Kb7 33.
Kd2 Qc6 34. Ke2 Kb6 35. Kf1 a4 36. Kg1 Rh8 37. Qf3 Qc7 38. Qf6 Rh7 39. Kg2 Qd6
40. Re1 Kc7 41. g4 Kd7 42. Rh1 Qf8 43. Kf3 g5 44. Qxg5 f5 45. gxf5 Rf7 46. Ke2
Rxf5 47. Qg3 e5 48. dxe5 Ke6 49. Re1 Qh6 50. Kf1 Rh5 51. Qg8+ Ke7 52. e6 1-0

[Event "13. Lichtenberger Sommer"]
[Site "?"]
[Date "2014.08.23"]
[Round "8.10"]
[White "Heinig, Wolfram"]
[Black "Kreutzkamp, Hans-Rudolf"]
[Result "1/2-1/2"]
[WhiteElo "2299"]
[BlackElo "2186"]
[PlyCount "28"]
[EventDate "2014.??.??"]
[WhiteTeam "SK Zehlendorf e.V."]
[BlackTeam "SK Union Eimsbuettel eV"]

1. d4 Nf6 2. c4 g6 3. Nc3 d6 4. e4 Bg7 5. Be2 O-O 6. Bg5 h6 7. Be3 c5 8. d5 e6
9. dxe6 Bxe6 10. Qd2 Kh7 11. h3 Qa5 12. Nf3 Rd8 13. O-O Nc6 14. Rac1 a6 1/2-1/2

[Event "13. Lichtenberger Sommer"]
[Site "?"]
[Date "2014.08.23"]
[Round "8.11"]
[White "Albrecht, Rainer"]
[Black "Vatter, Hans-Joachim"]
[Result "1/2-1/2"]
[WhiteElo "2109"]
[BlackElo "2278"]
[PlyCount "25"]
[EventDate "2014.??.??"]
[WhiteTeam "SC Kreuzberg e.V."]
[BlackTeam "SC Untergrombach 46"]

1. d4 d6 2. c4 e5 3. d5 f5 4. e4 fxe4 5. Nc3 Nf6 6. Nge2 Bf5 7. Ng3 Bg6 8. Bg5
Be7 9. Bxf6 Bxf6 10. Ngxe4 O-O 11. Bd3 a6 12. O-O Nd7 13. b4 1/2-1/2